| 000 | 00000nam##2200000za#4500 |
| 001 | 9.616776 |
| 003 | CaOODSP |
| 005 | 20210615101753 |
| 007 | ta |
| 008 | 150406|2004||||xxc||||| f|0| 0 eng|d |
| 040 | |aCaOODSP|beng |
| 043 | |an-cn--- |
| 086 | 1 |aNH18-22/103-128E |
| 110 | 2 |aCanada Mortgage and Housing Corporation. |
| 245 | 10|aReview of hygrothermal models for building envelope retrofit analysis |
| 260 | |bCanada Mortgage and Housing Corporation |c2003. |
| 300 | |a4p. : |btable ; |c28 cm. |
| 490 | 1 |aResearch highlight. Technical series |v03-128 |
| 520 | 3 |aThese technical papers summarize a wide range of housing-related studies, reports, and manuals. They examine issues as diverse as low-maintenance northern landscaping; policy options for achieving healthy indoor air quality; and various aspects of building performance, including high-rise building envelope performance, performance of various building materials, and evaluations of district heating systems. |
| 563 | |aPamphlet |
| 590 | |a04-11|b2004-03-12 |
| 690 | 07|aHousing|2gcpds |
| 775 | 08|tModèles d'analyse hygrométrique portant sur le rattrapage éconergétique de l'enveloppe des bâtiments |w(CaOODSP)9.626510 |
| 776 | 0#|tReview of hygrothermal models for building envelope retrofit analysis |w(CaOODSP)9.581134 |
| 830 | #0|aResearch highlight. Technical series ;|v03-128|w(CaOODSP)9.514826 |